[Event "FSGM February"]
[Site "Budapest HUN"]
[Date "2001.02.05"]
[Round "2"]
[White "Markus,R"]
[Black "Szeberenyi,A"]
[Result "0-1"]
[WhiteElo "2452"]
[BlackElo "2411"]

1.d4 Nf6 2.c4 g6 3.Nc3 d5 4.cxd5 Nxd5 5.e4 Nxc3 6.bxc3 Bg7 7.Bb5+ c6 8.Ba4 b5
9.Bb3 b4 10.Qf3 O-O 11.Ne2 a5 12.O-O Ba6 13.Rd1 Nd7 14.Rb1 c5 15.dxc5 Qc7
16.cxb4 axb4 17.Bf4 Bxe2 18.Bxc7 Bxf3 19.Rxd7 Bxe4 20.Re1 Bf5 21.Rdxe7 Bf6
22.R7e2 Rac8 23.Bd6 Rfd8 24.Be7 Bxe7 25.Rxe7 Be6 26.R7xe6 fxe6 27.Bxe6+ Kf8
28.Bxc8 Rxc8 29.Rc1 Rc6 30.f4 Ke7 31.Kf2 Kd7 32.Ke3 Re6+ 33.Kd3 Kc6 34.Rc4 Re1
35.Rxb4 Kxc5 36.Rc4+ Kd5 37.Rd4+ Kc5 38.Rd7 Rd1+  0-1

[Event "9th Aosta Valley"]
[Site "Saint Vincent ITA"]
[Date "2001.02.05"]
[Round "3"]
[White "Vera,R"]
[Black "Sarno,S"]
[Result "1-0"]
[WhiteElo "2562"]
[BlackElo "2402"]

1.d4 Nf6 2.c4 g6 3.Nc3 d5 4.cxd5 Nxd5 5.e4 Nxc3 6.bxc3 Bg7 7.Nf3 c5 8.Rb1 O-O
9.Be2 b6 10.O-O Bb7 11.Qd3 Ba6 12.Qe3 Qc8 13.d5 e6 14.c4 exd5 15.cxd5 Bxe2
16.Qxe2 Qa6 17.Qc2 Nd7 18.Bg5 Rfe8 19.Rbd1 c4 20.d6 b5 21.Rfe1 b4 22.e5 Qb5
23.e6 fxe6 24.Be7 b3 25.Qe2 bxa2 26.Qxe6+ Kh8 27.h4 a1=Q 28.Rxa1 Bxa1 29.Rxa1 c3
30.h5 Qf5 31.Qc4 h6 32.Qxc3+ Kh7 33.hxg6+ Qxg6 34.Nh4 Qg7 35.Qc2+ Kh8 36.Ra3 Rac8
37.Qd2 Rg8 38.Rh3 Kh7 39.Qd3+ Kh8 40.Qd2 Kh7 41.Qd3+ Kh8 42.Qe3 h5 43.Qe6 Rc1+
44.Kh2 Ne5 45.Bf6 Ng4+ 46.Qxg4 Qxf6 47.Qxh5+ Kg7 48.Rg3+  1-0

[Event "FSIMA February"]
[Site "Budapest HUN"]
[Date "2001.02.10"]
[Round "7"]
[White "Petran,Pa"]
[Black "Suranyi,P"]
[Result "1-0"]
[WhiteElo "2392"]
[BlackElo "2163"]

1.d4 Nf6 2.c4 g6 3.Nc3 d5 4.cxd5 Nxd5 5.e4 Nxc3 6.bxc3 Bg7 7.Nf3 c5 8.Be3 Qa5
9.Qd2 O-O 10.Rc1 cxd4 11.cxd4 Qxd2+ 12.Kxd2 Nc6 13.d5 Rd8 14.Ke1 Na5 15.Bg5 Kf8
16.Bd3 f5 17.Ke2 b5 18.Rc7 Rd7 19.Rxd7 Bxd7 20.exf5 gxf5 21.Nh4 e6 22.dxe6 Bxe6
23.Nxf5 Bc3 24.Ne3 Bxa2 25.Bxb5 Rb8 26.Bd3 Rb2+ 27.Kf3 Nc6 28.Rc1 Ne5+ 29.Ke4 Rb4+
30.Kf5 Rb3 31.Be4 Nf7 32.Be7+ Kxe7 33.Nd5+ Kd6 34.Nxc3 Rb2 35.Rc2 Rxc2 36.Bxc2 Bc4
37.Ke4 Kc5 38.Ke3 Kb4 39.Kd2 h6 40.f4 Nd6 41.g4 Bf1 42.Nd5+ Kc5 43.Ne3 Bh3
44.g5 hxg5 45.fxg5 Kd4 46.g6 Ne8 47.Bf5 Bxf5 48.Nxf5+ Ke5 49.g7 Nf6 50.Ne7 a5
51.g8=Q Nxg8 52.Nxg8 a4 53.Ne7 a3 54.Kc3 Kf4 55.Nd5+ Ke4 56.Nb4 a2 57.Kb2 Kf3
58.Nd3  1-0

[Event "TCh-SVK"]
[Site "SVK"]
[Date "2001.02.10"]
[Round "8"]
[White "Balogh,Pe"]
[Black "Pinter,E"]
[Result "1/2-1/2"]
[WhiteElo "2313"]
[BlackElo "2238"]

1.d4 Nf6 2.c4 g6 3.Nc3 d5 4.cxd5 Nxd5 5.e4 Nxc3 6.bxc3 Bg7 7.Bb5+ c6 8.Ba4 O-O
9.Ne2 c5 10.O-O b6 11.Be3 Bb7 12.f3 Qc7 13.Rc1 Rd8 14.Qc2 Nd7 15.Rfd1 Rac8
16.Qb1 Bc6 17.Bb3 e6 18.a4 Qb8 19.Qa2 Bb7 20.Bg5 Re8 21.Qd2 cxd4 22.cxd4 Rxc1
23.Rxc1 Rc8 24.Bc4 Qd6 25.Be3 Qa3 26.Bb5 Rxc1+ 27.Qxc1 Qxc1+ 28.Nxc1 Nb8
29.Kf2 f5 30.exf5 gxf5 31.Ne2 Kf7 32.Ke1 Nc6 33.Kd2 Nb4 34.Nf4 Bh6 35.Bc4 Bxf4
36.Bxf4 Bd5 37.Bb5 Bc6 38.Bb8 Ke7 39.Bxa7 Bxb5 40.axb5 Nd5 41.Bb8 h5 42.g3 Kf6
43.Bd6 Kg5 44.h3 Kg6 45.Ke1 Nc3 46.Bc7 Nxb5 47.Bxb6 Nc3 48.Bc7 Nd5 49.Be5 Kf7
50.Kf2 Kg6 51.g4 hxg4 52.fxg4 fxg4 53.hxg4 Ne7 54.Kf3 Nd5 55.Bf4 Nf6 56.Bc7 Kf7
57.Bd8 Nd5 58.Ke4 Nb4 59.Bh4 Nc6 60.Kd3 Nb4+ 61.Kc4 Nd5 62.Bg5 Kg6 63.Bd2 Nf6
64.g5 Ne4 65.Be3  1/2-1/2

[Event "TCh-SVK"]
[Site "SVK"]
[Date "2001.02.11"]
[Round "9"]
[White "Durik,L"]
[Black "Meszaros,Mi"]
[Result "1/2-1/2"]
[WhiteElo "2053"]
[BlackElo "2120"]

1.d4 g6 2.c4 Nf6 3.Nc3 d5 4.cxd5 Nxd5 5.e4 Nxc3 6.bxc3 Bg7 7.Nf3 c5 8.Bb5+ Bd7
9.Bxd7+ Qxd7 10.O-O cxd4 11.cxd4 O-O 12.Rb1 Nc6 13.d5 Rfd8 14.Qb3 Na5 15.Qb4 b6
16.Bg5 f6 17.Be3 e6 18.Rfd1 Rac8 19.Rbc1 Rxc1 20.Bxc1 Rc8 21.Qd2 Rc4 22.dxe6 Qxd2
23.Bxd2 Rxe4 24.Bxa5 bxa5 25.Rd5 Rxe6 26.Rxa5 Rd6 27.Kf1 a6 28.Rc5 h6 29.Ke2 f5
30.h4 Bd4  1/2-1/2

[Event "ch-Pol u20"]
[Site "Brzeg Dolny POL"]
[Date "2001.02.12"]
[Round "6"]
[White "Lagowski,P"]
[Black "Owczarzak,J"]
[Result "1/2-1/2"]
[WhiteElo "2301"]
[BlackElo "2311"]

1.d4 Nf6 2.c4 g6 3.Nc3 d5 4.cxd5 Nxd5 5.e4 Nxc3 6.bxc3 Bg7 7.Be3 c5 8.Qd2 Qa5
9.Nf3 Nc6 10.Rc1 cxd4 11.cxd4 Qxd2+ 12.Kxd2 O-O 13.d5 Rd8 14.Ke1 Ne5 15.Nxe5 Bxe5
16.f4 Bg7 17.Bc4 e5 18.dxe6 Bxe6 19.Bxe6 fxe6 20.Ke2 Rd7 21.Rhd1 Rf7 22.g3 e5
23.fxe5 Bxe5 24.Rd5 Re8 25.Rc4 a6 26.a4  1/2-1/2

[Event "ch-ROM"]
[Site "Baile Tusnad ROM"]
[Date "2001.02.16"]
[Round "11"]
[White "Florean,A"]
[Black "Ionescu,D"]
[Result "0-1"]
[WhiteElo "2436"]
[BlackElo "2390"]

1.d4 Nf6 2.c4 g6 3.Nc3 d5 4.cxd5 Nxd5 5.e4 Nxc3 6.bxc3 Bg7 7.Be3 c5 8.Qd2 O-O
9.Rc1 Qa5 10.d5 f5 11.Bd3 fxe4 12.Bxe4 Nd7 13.Ne2 Nf6 14.Bf3 Ng4 15.Bxg4 Bxg4
16.f3 Bf5 17.O-O Rad8 18.g4 Bc8 19.Bg5 Rf7 20.Ng3 c4 21.Qe2 Rxd5 22.Bxe7 Rd3
23.Bb4 Qb6+ 24.Kg2 Qc6 25.Rcd1 a5 26.Bxa5 Qd5 27.Bb4 Bxg4 28.Rxd3 cxd3 29.Qe8+ Bf8
30.Ne4 Qf5 31.Rf2 Bxf3+ 32.Kg1 Qxe4  0-1

[Event "Chess Circuit IM"]
[Site "Helsinki FIN"]
[Date "2001.02.16"]
[Round "5"]
[White "Kekki,P"]
[Black "Norri,J"]
[Result "0-1"]
[WhiteElo "2297"]
[BlackElo "2398"]

1.d4 Nf6 2.c4 g6 3.Nc3 d5 4.cxd5 Nxd5 5.e4 Nxc3 6.bxc3 Bg7 7.Nf3 c5 8.Be3 Qa5
9.Qd2 Nc6 10.Be2 O-O 11.Rd1 Bg4 12.O-O Rfd8 13.Qb2 Rd7 14.h3 Bxf3 15.Bxf3 cxd4
16.cxd4 Rad8 17.e5 Qa4 18.Bxc6 Qxc6 19.Rc1 Qe4 20.Qb5 f6 21.Qb3+ Kf8 22.e6 Rd6
23.Rc7 Rxe6 24.Rxb7 a6 25.Rc1 f5 26.Bd2 Bxd4 27.Ba5 Bxf2+ 28.Kxf2 Qf4+ 29.Qf3 Qxc1  0-1

[Event "ch-Pol u20 Women"]
[Site "Brzeg Dolny POL"]
[Date "2001.02.17"]
[Round "11"]
[White "Andrzejewska,E"]
[Black "Toma,K"]
[Result "0-1"]
[WhiteElo "2244"]
[BlackElo "2101"]

1.d4 Nf6 2.c4 g6 3.Nc3 d5 4.cxd5 Nxd5 5.e4 Nxc3 6.bxc3 Bg7 7.Be3 c5 8.Qd2 Qa5
9.Rc1 O-O 10.Nf3 Bg4 11.Ng5 cxd4 12.cxd4 Qxd2+ 13.Kxd2 Nc6 14.h3 Bc8 15.d5 Rd8
16.Ke1 Nb4 17.Bd2 Na6 18.Bxa6 bxa6 19.Ba5 Rd7 20.Ke2 h6 21.Nf3 f5 22.Nh4 Kf7
23.f3 Bf6 24.g3 Rb7 25.Rc2 Bd7 26.Ng2 Rab8 27.g4 fxe4 28.fxe4 Rb2 29.Rc1 Ba4
30.Rd2 Bg5 31.Ne3 Kg8 32.Rc8+ Rxc8 33.Rxb2 Bb5+ 34.Kf3 Rf8+ 35.Nf5 gxf5 36.gxf5 Rc8
37.Rg2 Kf7 38.e5 Rc4 39.a3 Rf4+ 40.Kg3 Rxf5 41.h4 Be3 42.e6+ Kf8 43.Rc2 Rxd5
44.Rc8+ Be8  0-1

[Event "Bundesliga 2000-1"]
[Site "Porz GER"]
[Date "2001.02.17"]
[Round "8"]
[White "Bosch,Je"]
[Black "Seger,R"]
[Result "1/2-1/2"]
[WhiteElo "2405"]
[BlackElo "2399"]

1.d4 Nf6 2.c4 g6 3.Nc3 d5 4.cxd5 Nxd5 5.e4 Nxc3 6.bxc3 Bg7 7.Nf3 c5 8.h3 Nc6
9.Be3 Qa5 10.Bd2 O-O 11.Be2 e6 12.O-O Qc7 13.Rc1 b6 14.Bg5 h6 15.Be3 Rd8
16.Qd2 Kh7 17.Qc2 Qe7 18.dxc5 bxc5 19.Nd2 Na5 20.f4 f5 21.Bf3 Rb8 22.Qa4 Qc7
23.Nc4 Nxc4 24.Qxc4 Bf8 25.Rfd1 Rb6 26.Rxd8 Qxd8 27.Rd1 Rd6  1/2-1/2

[Event "IV Open"]
[Site "Malaga ESP"]
[Date "2001.02.24"]
[Round "2"]
[White "Vera,R"]
[Black "Cuesta Bustos,S"]
[Result "1-0"]
[WhiteElo "2562"]
[BlackElo "2193"]

1.d4 Nf6 2.c4 g6 3.Nc3 d5 4.cxd5 Nxd5 5.e4 Nxc3 6.bxc3 Bg7 7.Nf3 c5 8.Rb1 O-O
9.Be2 cxd4 10.cxd4 Qa5+ 11.Bd2 Qxa2 12.O-O Bd7 13.Ra1 Qb2 14.Rb1 Qa2 15.Ra1 Qb2
16.Bg5 Bb5 17.Re1 Nc6 18.Bxb5 Qxb5 19.Rb1 Qc4 20.d5 Na5 21.Bxe7 Rfe8 22.Bb4 Bc3
23.Bxc3 Qxc3 24.e5 Rad8 25.d6 Rd7 26.Qd5 Re6 27.Rec1 Qa3 28.Ra1  1-0

[Event "Open"]
[Site "Cappelle la Grande FRA"]
[Date "2001.02.25"]
[Round "2"]
[White "Malakhatko,V"]
[Black "Wallart,A"]
[Result "1-0"]
[WhiteElo "2513"]
[BlackElo "2207"]

1.d4 Nf6 2.c4 g6 3.Nc3 d5 4.cxd5 Nxd5 5.e4 Nxc3 6.bxc3 Bg7 7.Bb5+ c6 8.Ba4 e5
9.Ne2 O-O 10.O-O exd4 11.cxd4 Re8 12.f3 Be6 13.Be3 Qe7 14.Bb3 c5 15.d5 Bd7
16.Rc1 b6 17.Qd2 Bb5 18.Rfe1 Qd7 19.Nc3 Ba6 20.a4 Qd6 21.Bf4 Be5 22.Bxe5 Qxe5
23.Rcd1 Nd7 24.f4 Qd4+ 25.Qxd4 cxd4 26.Rxd4 Rac8 27.Re3 Red8 28.d6 Nc5 29.Ba2 Kf8
30.e5 Rd7 31.g4  1-0

[Event "IV Open"]
[Site "Malaga ESP"]
[Date "2001.02.26"]
[Round "4"]
[White "Vera,R"]
[Black "Ripari,M"]
[Result "1-0"]
[WhiteElo "2562"]
[BlackElo "2301"]

1.d4 Nf6 2.c4 g6 3.Nc3 d5 4.cxd5 Nxd5 5.e4 Nxc3 6.bxc3 Bg7 7.Nf3 c5 8.Rb1 O-O
9.Be2 b6 10.O-O Bb7 11.Qd3 Ba6 12.Qe3 Qd7 13.d5 Bxe2 14.Qxe2 e6 15.c4 Re8
16.Bb2 Bxb2 17.Qxb2 exd5 18.exd5 Qd6 19.Rfe1 Nd7 20.a4 Rab8 21.g3 a6 22.Ng5 Rxe1+
23.Rxe1 b5 24.axb5 axb5 25.Qh8+ Kxh8 26.Nxf7+ Kg8 27.Nxd6 bxc4 28.Nxc4 Nb6
29.Rb1 Nd7 30.Rxb8+ Nxb8 31.Ne5 Kg7 32.f4 Na6 33.Kf2 Nb4 34.d6 Kf6 35.Ke3 Nd5+
36.Kd3 Nb6 37.Ke4 Ke6 38.d7 Ke7 39.g4 Na8 40.f5 gxf5+ 41.gxf5  1-0

[Event "Belgian Interteams 2000-1"]
[Site "BEL"]
[Date "2001.03.04"]
[Round "13"]
[White "Van Laatum,G"]
[Black "Venis,R"]
[Result "1/2-1/2"]
[WhiteElo "2329"]
[BlackElo "2236"]

1.d4 Nf6 2.c4 g6 3.Nc3 d5 4.cxd5 Nxd5 5.e4 Nxc3 6.bxc3 Bg7 7.Be3 O-O 8.Qd2 b6
9.h4 Bb7 10.h5 Bxe4 11.f3 Bb7 12.Bh6 Nd7 13.hxg6 hxg6 14.Bxg7 Kxg7 15.Qh6+ Kf6
16.Qf4+ Kg7 17.Qh6+ Kf6 18.Bc4 e6 19.Qh4+ Kg7 20.Qh6+ Kf6 21.Qh4+ Kg7  1/2-1/2

[Event "TCh-FIN 00-01"]
[Site "FIN"]
[Date "2001.03.10"]
[Round "8"]
[White "Franssila,T"]
[Black "Kekki,P"]
[Result "1-0"]
[WhiteElo "2262"]
[BlackElo "2297"]

1.d4 Nf6 2.c4 g6 3.Nc3 d5 4.cxd5 Nxd5 5.e4 Nxc3 6.bxc3 Bg7 7.Bc4 O-O 8.Ne2 b6
9.h4 Bb7 10.Qd3 Qd7 11.h5 e5 12.hxg6 hxg6 13.Qg3 Bxe4 14.Qh4 Re8 15.Qh7+ Kf8
16.Bh6 Bxg2 17.Qxg7+ Ke7 18.Bg5+ Kd6 19.Qf6+  1-0

[Event "Bundesliga 2000-1"]
[Site "Hamburg GER"]
[Date "2001.03.11"]
[Round "11"]
[White "Gustafsson,J"]
[Black "Seger,R"]
[Result "0-1"]
[WhiteElo "2535"]
[BlackElo "2392"]

1.d4 Nf6 2.c4 g6 3.Nc3 d5 4.cxd5 Nxd5 5.e4 Nxc3 6.bxc3 Bg7 7.Bc4 c5 8.Ne2 O-O
9.O-O Nc6 10.Be3 Qc7 11.Rc1 Rd8 12.Bf4 Qd7 13.d5 Na5 14.Bb3 b5 15.Be3 Qc7
16.c4 bxc4 17.Bxc4 e6 18.Bb5 c4 19.Qa4 exd5 20.Bd2 Nb7 21.exd5 Rxd5 22.Be1 Bd7
23.Bxd7 Qxd7 24.Qxc4 Re8 25.Bb4 a5 26.Ba3 Rd3 27.Nc3 Rc8  0-1

[Event "US-China Summit"]
[Site "Seattle USA"]
[Date "2001.03.14"]
[Round "1"]
[White "Baginskaite,C"]
[Black "Qin Kanying"]
[Result "1-0"]
[WhiteElo "2306"]
[BlackElo "2489"]

1.d4 Nf6 2.c4 g6 3.Nc3 d5 4.cxd5 Nxd5 5.e4 Nxc3 6.bxc3 Bg7 7.Be3 c5 8.Qd2 Qa5
9.Nf3 Nc6 10.Rb1 O-O 11.Rb5 cxd4 12.Rxa5 dxe3 13.Qxe3 Nxa5 14.h4 Be6 15.Ng5 Bxa2
16.h5 Rfc8 17.e5 h6 18.Ne4 g5 19.Nxg5 Nc4 20.Bxc4 Bxc4 21.Ne4 a5 22.f4 a4
23.f5 a3 24.Kf2 a2 25.f6 exf6 26.Nxf6+ Kh8 27.Ra1 Ra5 28.g4 Rb5 29.Qe4 Bxf6
30.exf6 Be6 31.Qe3 Rg5 32.Qd2 Ra8 33.Kf1 Bd5 34.Kf2 Ra4 35.c4 Rxc4 36.Rxa2 Rcxg4
37.Ra8+ Kh7 38.Qd3+ Be4 39.Qd6 Rg2+ 40.Ke3 Bc6 41.Qd3+  1-0

[Event "Ivan Zanic Mem"]
[Site "Stara Pazova YUG"]
[Date "2001.03.14"]
[Round "6"]
[White "Ostojic,N"]
[Black "Jeremic,V"]
[Result "0-1"]
[WhiteElo "2451"]
[BlackElo "2334"]

1.c4 Nf6 2.Nc3 d5 3.cxd5 Nxd5 4.d4 g6 5.e4 Nxc3 6.bxc3 Bg7 7.Nf3 O-O 8.Be3 c5
9.Qd2 Qa5 10.Rc1 cxd4 11.cxd4 Qxd2+ 12.Kxd2 Nc6 13.d5 Rd8 14.Ke1 Na5 15.Bg5 Kf8
16.Bd3 f5 17.Rc7 Rd7 18.Rxd7 Bxd7 19.exf5 gxf5 20.Nh4 e6 21.Bd2 b6 22.dxe6 Bxe6
23.Nxf5 Bf6 24.Bb4+ Kg8 25.Ke2 Nc6 26.Be4 Nxb4 27.Nh6+ Kg7 28.Bxa8 Kxh6 29.a3 Nc2
30.Rc1 Bf5 31.f3 Bb2 32.Rd1 Bxa3 33.g4 Bg6 34.f4 Bc5 35.Rd7 Nd4+ 36.Kd1 a5
37.Bd5 a4 38.Bg8 a3 39.h4 Nf5 40.gxf5 Bxf5 41.Rc7 Kh5 42.Kd2 Kxh4 43.Kc3 h5
44.Bb3 Bb1 45.Be6 Bd6 46.Ra7 b5 47.Kb3 b4 48.Rd7 Bf8 49.Rf7 Bc5 50.Rd7 Kg3
51.Rd1 a2 52.Kb2 h4 53.Bxa2 Bxa2 54.Kxa2 h3 55.Rd3+ Kg4 56.Rd8 Be7 57.Rg8+ Kxf4
58.Kb3 h2 59.Rh8 Kg3 60.Rg8+ Kh3  0-1

[Event "1st Masters"]
[Site "Pinamar ARG"]
[Date "2001.03.15"]
[Round "8"]
[White "Hoffman,A"]
[Black "Ricardi,P"]
[Result "1/2-1/2"]
[WhiteElo "2473"]
[BlackElo "2554"]

1.d4 Nf6 2.c4 g6 3.Nc3 d5 4.cxd5 Nxd5 5.e4 Nxc3 6.bxc3 Bg7 7.Nf3 c5 8.h3 O-O
9.Be2 Nc6 10.Be3 cxd4 11.cxd4 Qa5+ 12.Bd2 Qa3 13.d5 Ne5 14.O-O Bd7 15.Nd4 Rfc8
16.Qb3 Qxb3 17.axb3 Nd3 18.Bxd3 Bxd4 19.Rac1 e6 20.Rfe1 Rxc1 21.Rxc1 exd5
22.exd5 Rc8 23.Re1 Kg7 24.Kf1 Kf6 25.h4 Bc3 26.Bg5+ Kg7 27.Re7 Re8 28.Rxe8 Bxe8
29.Ke2 Bd7 30.Be3 a6 31.Bb6 Kf6 32.Be4 Bb5+ 33.Ke3 Ke7 34.d6+ Kxd6 35.Bxb7 Bb4
36.Kd4 Be1 37.Ke3 a5 38.Be4 Bd7 39.Bc2 Kd5 40.Be4+ Kd6 41.Bc2 Be6 42.Ke2 Bb4
43.f3 Kc6 44.Bf2 f5 45.Be3 Bd6 46.Bd2 Kb5 47.Be1 Bb4 48.Bg3 Kc5 49.Bf2+ Kd5
50.Bb6 Bd7 51.Bd8 Bb5+ 52.Bd3 Bxd3+  1/2-1/2

[Event "US-China Summit"]
[Site "Seattle USA"]
[Date "2001.03.15"]
[Round "2"]
[White "Kaidanov,G"]
[Black "Peng Xiaomin"]
[Result "1-0"]
[WhiteElo "2607"]
[BlackElo "2648"]

1.d4 Nf6 2.c4 g6 3.Nc3 d5 4.cxd5 Nxd5 5.e4 Nxc3 6.bxc3 Bg7 7.Bc4 c5 8.Ne2 Nc6
9.Be3 O-O 10.O-O Bg4 11.f3 Na5 12.Bxf7+ Rxf7 13.fxg4 Rxf1+ 14.Kxf1 cxd4 15.cxd4 e5
16.Kg1 exd4 17.Bxd4 Bxd4+ 18.Nxd4 Qg5 19.Nf3 Qe3+ 20.Kh1 Qxe4 21.Rc1 Nc4
22.Qb3 b5 23.Qxb5 Nb6 24.Rc7 Rd8 25.Qb3+ Qd5 26.Qxd5+ Rxd5 27.Rxa7 Rd1+ 28.Ng1 Nc4
29.Re7 Rd3 30.h3 Ra3 31.Re2 Ne3 32.Nf3 Nd5 33.Rb2 Ra7 34.Ng5 Nc3 35.a3 Rxa3
36.Rb8+ Kg7 37.Rb7+ Kf6 38.Nxh7+ Ke5 39.Re7+ Kd4 40.Ng5 Nd5 41.Re6 Ne3 42.Nf3+ Kd5
43.Rxg6 Ra2 44.Nh4 Ke5 45.Kh2 Nf1+ 46.Kg1 Ne3 47.Rg8 Kf4 48.Rf8+ Kg5 49.Nf3+ Kh6
50.Re8 Nxg2 51.Re4  1-0

[Event "Open"]
[Site "Bad Woerishofen GER"]
[Date "2001.03.16"]
[Round "2"]
[White "Nenashev,A"]
[Black "Schaefer,Mi"]
[Result "1-0"]
[WhiteElo "2649"]
[BlackElo "2208"]

1.d4 Nf6 2.c4 g6 3.Nc3 d5 4.cxd5 Nxd5 5.e4 Nxc3 6.bxc3 Bg7 7.Nf3 c5 8.Be3 Qa5
9.Qd2 O-O 10.Rc1 cxd4 11.cxd4 Qxd2+ 12.Kxd2 Nc6 13.d5 Rd8 14.Ke1 Na5 15.Bg5 Bd7
16.Bd3 Rdc8 17.Ke2 e6 18.Be3 a6 19.Bb6 exd5 20.exd5 Re8+ 21.Kd2 Bh6+ 22.Be3 Bxe3+
23.fxe3 Bb5 24.e4 Rad8 25.Nd4 f5 26.Nxb5 axb5 27.Rhe1 fxe4 28.Rxe4 Nc4+ 29.Kc3 Rxe4
30.Bxe4 Kf7 31.Kd4 Ke7 32.Re1 Kd6 33.Bf3 Rd7 34.Rb1 Na3 35.Rc1 Rf7 36.Rc8 Rf4+
37.Ke3 Rc4 38.Rd8+ Kc7 39.Rh8 Nc2+ 40.Kd2 Nb4 41.Rxh7+ Kd6 42.Rxb7 Nxd5 43.Bxd5 Rd4+
44.Ke3 Rxd5 45.Rb6+ Kc5 46.Rxg6 Rh5 47.h3 Kb4 48.Kf4 Rc5 49.Ra6 Rc3 50.h4 Ra3
51.Rxa3  1-0

[Event "Tch-AUT 2000-01"]
[Site "Fuerstenfeld AUT"]
[Date "2001.03.16"]
[Round "9"]
[White "Opl,K"]
[Black "Neubauer,M"]
[Result "0-1"]
[WhiteElo "2310"]
[BlackElo "2352"]

1.d4 Nf6 2.c4 g6 3.Nc3 d5 4.cxd5 Nxd5 5.e4 Nxc3 6.bxc3 Bg7 7.Bc4 c5 8.Be3 O-O
9.Ne2 Nc6 10.O-O Qc7 11.Rc1 Rd8 12.Qd2 Qa5 13.Rfd1 Bd7 14.Bh6 cxd4 15.Bxg7 Kxg7
16.cxd4 Qxd2 17.Rxd2 Rac8 18.Rb2 Nxd4 19.Nxd4 b5 20.f3 bxc4 21.Rb7 e5 22.Nc2 a6
23.Rb6 Bb5 24.Nb4 Rd2 25.a4 Bxa4 26.Rxa6 Bd7 27.Rc2 c3 28.Ra1 Rc4 29.Rxd2 cxd2
30.Nd3 Ba4  0-1

[Event "US-China Summit"]
[Site "Seattle USA"]
[Date "2001.03.16"]
[Round "3"]
[White "Baginskaite,C"]
[Black "Qin Kanying"]
[Result "1/2-1/2"]
[WhiteElo "2306"]
[BlackElo "2489"]

1.d4 Nf6 2.c4 g6 3.Nc3 d5 4.cxd5 Nxd5 5.e4 Nxc3 6.bxc3 Bg7 7.Be3 c5 8.Qd2 Qa5
9.Nf3 O-O 10.Rc1 cxd4 11.cxd4 Qxd2+ 12.Kxd2 Nc6 13.Bb5 f5 14.exf5 Bxf5 15.Rhd1 Be6
16.Bxc6 bxc6 17.Rxc6 Bxa2 18.Ra1 Bd5 19.Rca6 Bxf3 20.gxf3 Rad8 21.Rxa7 Bxd4
22.Bxd4 Rxd4+ 23.Ke2 Rf7 24.Kf1 Rd3 25.R1a3 Rxa3 26.Rxa3 Rf5 27.Kg2 Rg5+
28.Kf1 Kf7 29.Ra6 Rd5 30.Kg2 Rd6 31.Ra4 Kf6 32.Rf4+ Kg7 33.Re4 e6 34.Ra4 Rd7
35.Re4 Kf6 36.Rf4+ Ke5 37.Rf8 Kd6 38.Ra8 Rf7 39.Ra6+ Ke5 40.Ra5+ Kf4 41.Ra4+ Kf5
42.Ra5+ e5 43.Ra6 Kg5 44.Re6 Rf5 45.Kg3 Kh5 46.h4 g5 47.hxg5 Rxg5+ 48.Kh3 Rf5
49.Kg3 Rg5+ 50.Kh3 Rf5 51.Kg3 Rg5+  1/2-1/2

[Event "Czech Extra League 2000-1"]
[Site "CZE"]
[Date "2001.03.17"]
[Round "8"]
[White "Tupy,M"]
[Black "Mikuev,E"]
[Result "0-1"]
[WhiteElo "2310"]
[BlackElo "2233"]

1.d4 Nf6 2.c4 g6 3.Nc3 d5 4.cxd5 Nxd5 5.e4 Nxc3 6.bxc3 Bg7 7.Nf3 c5 8.Rb1 O-O
9.Be2 cxd4 10.cxd4 Qa5+ 11.Bd2 Qxa2 12.O-O a5 13.Bg5 a4 14.Bb5 Bf6 15.Qc1 Qe6
16.Bh6 Bg7 17.Ne5 Nc6 18.Bxg7 Kxg7 19.Nxc6 bxc6 20.Bxc6 Ra6 21.Bd5 Qd6 22.Qc3 f6
23.Rfc1 a3 24.Bc4 Rc6 25.d5 Rc7 26.Qa5 Bd7 27.e5 fxe5 28.Ra1 Rfc8  0-1

[Event "Czech Extra League 2000-1"]
[Site "CZE"]
[Date "2001.03.17"]
[Round "8"]
[White "Klima,L"]
[Black "Oral,T"]
[Result "0-1"]
[WhiteElo "2282"]
[BlackElo "2555"]

1.d4 Nf6 2.c4 g6 3.Nc3 d5 4.cxd5 Nxd5 5.e4 Nxc3 6.bxc3 Bg7 7.Bc4 O-O 8.Ne2 b6
9.h4 Nc6 10.Bd5 Qd7 11.h5 e6 12.Bb3 Na5 13.hxg6 fxg6 14.Qd3 Nxb3 15.axb3 c5
16.Qh3 Bh8 17.Bh6 Re8 18.Rd1 cxd4 19.Nxd4 e5 20.Nf5 Qf7 21.g4 gxf5 22.gxf5 Bf6
23.Rd6 Re7 24.Rd8+ Re8 25.Rd6 Re7 26.Rd8+ Re8 27.Rd6 a5 28.Rg1+ Kh8 29.Rxf6 Qxf6
30.Qh5 Bd7 31.Bg5 Qg7 32.f6 Qg6 33.Qxg6 hxg6 34.f7 Re6 35.Bh6 Rf6 36.f8=Q+ Raxf8
37.Bxf8 Rxf8 38.Rxg6 b5 39.Ra6 a4 40.bxa4 bxa4 41.Ra5 Bc6 42.Ke2 Ra8  0-1

[Event "Open"]
[Site "Bad Woerishofen GER"]
[Date "2001.03.20"]
[Round "6"]
[White "Farago,I"]
[Black "Braun,P"]
[Result "1-0"]
[WhiteElo "2453"]
[BlackElo "2258"]

1.d4 Nf6 2.c4 g6 3.Nc3 d5 4.cxd5 Nxd5 5.e4 Nxc3 6.bxc3 Bg7 7.Bc4 O-O 8.Ne2 c5
9.O-O Nc6 10.Be3 Qc7 11.Rc1 Rd8 12.Qd2 Qa5 13.Rfd1 cxd4 14.cxd4 Qxd2 15.Rxd2 Bd7
16.d5 Na5 17.Bd3 e6 18.Bf4 Rdc8 19.Bc7 b6 20.Ba6 Re8 21.d6 Bh6 22.f4 e5 23.Rd5 exf4
24.Nc3 f3 25.Rc2 fxg2 26.Kxg2 f5 27.Bb5 Nc6 28.Bxc6 Bxc6 29.d7 Red8 30.Bxd8 Rxd8
31.Rd6 Bxd7 32.Nd5 Bg5 33.Rc7 Be6 34.Rxe6 fxe4 35.Re5  1-0

[Event "World Cup of Rapid Chess Gp A"]
[Site "Cannes FRA"]
[Date "2001.03.21"]
[Round "1"]
[White "Bauer,Ch"]
[Black "Svidler,P"]
[Result "1/2-1/2"]
[WhiteElo "2618"]
[BlackElo "2695"]

1.d4 Nf6 2.c4 g6 3.Nc3 d5 4.cxd5 Nxd5 5.e4 Nxc3 6.bxc3 Bg7 7.Nf3 c5 8.Rb1 O-O
9.Be2 cxd4 10.cxd4 Qa5+ 11.Qd2 Qxd2+ 12.Bxd2 b6 13.O-O Bb7 14.d5 Ba6 15.Bxa6 Nxa6
16.Be3 f5 17.Rfd1 fxe4 18.Ng5 Rfd8 19.Nxe4 Rd7 20.d6 exd6 21.Nxd6 Nc7 22.Kf1 Ne6
23.Ne4 Rad8 24.Rxd7 Rxd7 25.Rc1 Kf7 26.Ke2 Rd5 27.Rc4 Ra5 28.a4 Rd5 29.h4  1/2-1/2

[Event "17th Spring Festival"]
[Site "Budapest HUN"]
[Date "2001.03.23"]
[Round "8"]
[White "Zimmerman,Y"]
[Black "Gara,T"]
[Result "1/2-1/2"]
[WhiteElo "2386"]
[BlackElo "2322"]

1.d4 Nf6 2.c4 g6 3.Nc3 d5 4.cxd5 Nxd5 5.e4 Nxc3 6.bxc3 Bg7 7.Nf3 c5 8.h3 O-O
9.Be2 Nc6 10.Be3 cxd4 11.cxd4 Qa5+ 12.Bd2 Qa3 13.d5 Ne5 14.Nxe5 Bxe5 15.Rb1 Bd7
16.Rxb7 Ba4 17.Qc1 Qxa2 18.Bc4 Qc2 19.Qxc2 Bxc2 20.O-O Bd6 21.Re1 Rfb8 22.Rxb8+ Rxb8
23.e5 Bb4 24.Bxb4 Rxb4 25.Ba2 Rd4 26.Rc1 Rd1+ 27.Rxd1 Bxd1 28.Kf1 Kf8 29.Ke1 Ba4
30.Kd2 f6 31.f4 Ke8 32.Kc3 Kd7 33.Kb4 Bc2 34.Bc4 h6 35.Kb5 g5 36.g3 gxf4
37.gxf4 fxe5 38.fxe5 Kc7 39.Kc5 Kb8 40.Bb5 Bf5 41.h4 Bc8  1/2-1/2

[Event "ch-BUL Women"]
[Site "Plovdiv BUL"]
[Date "2001.03.23"]
[Round "4"]
[White "Plachkinova,T"]
[Black "Genova,R"]
[Result "0-1"]
[WhiteElo "2211"]
[BlackElo "2198"]

1.d4 Nf6 2.c4 g6 3.Nc3 d5 4.cxd5 Nxd5 5.e4 Nxc3 6.bxc3 Bg7 7.Nf3 c5 8.Rb1 O-O
9.Be2 b6 10.O-O Bb7 11.Qd3 e6 12.Rd1 Qc7 13.Bg5 Rc8 14.Qe3 Nd7 15.e5 cxd4
16.cxd4 Qc3 17.Qf4 Qa3 18.Bh6 Bxh6 19.Qxh6 Qf8 20.Qe3 Rc7 21.Nd2 Rac8 22.Ne4 Bxe4
23.Qxe4 Qa3 24.Bb5 Qxa2 25.Ra1 Qb2 26.Rab1 Qa3 27.Ra1 Qb4 28.Ba6 Nc5 29.Qe2 Nxa6
30.Qxa6 Rd8 31.Ra4 Qb3 32.Rda1 Qb2 33.Rd1 Rc1 34.Rxc1 Qxc1+ 35.Qf1 Qxf1+
36.Kxf1 a5 37.Ke2 Kf8 38.Kd3 Rc8 39.Ra1 Ke7 40.Rb1 Rc6 41.f4 h5 42.h3 h4
43.Rg1 Kd7 44.g3 hxg3 45.Rxg3 Rc1 46.Kd2 Rc4 47.Kd3 Ra4 48.Ke4 b5 49.h4 b4
50.Rg1 b3 51.Kd3 Rb4 52.Kc3 b2 53.Rb1 Kc6 54.Kc2 Kd5  0-1

[Event "Amber Rapidplay"]
[Site "Monaco MNC"]
[Date "2001.03.28"]
[Round "10"]
[White "Piket,Je"]
[Black "Ivanchuk,V"]
[Result "1/2-1/2"]
[WhiteElo "2632"]
[BlackElo "2717"]

1.d4 Nf6 2.c4 g6 3.Nc3 d5 4.cxd5 Nxd5 5.e4 Nxc3 6.bxc3 Bg7 7.Be3 c5 8.Nf3 Bg4
9.Qd2 cxd4 10.cxd4 Nc6 11.Rd1 Bxf3 12.gxf3 O-O 13.f4 e6 14.h4 Qe7 15.Bg2 Rac8
16.e5 Rfd8 17.Rc1 Qd7 18.d5 exd5 19.Bh3 Qe7 20.Bxc8 d4 21.Bg4 dxe3 22.Qxe3 Qb4+
23.Kf1 Bxe5 24.fxe5 Qxg4 25.e6 fxe6 26.Re1 e5 27.h5 Qc4+ 28.Qe2 Qxe2+ 29.Rxe2 g5
30.Rh3 Kg7 31.Rb3 Rd7 32.Reb2 b6 33.Rc3 Nd4 34.a4 Kh6 35.a5 bxa5 36.Rc5 Nf3
37.Ke2 g4 38.Rxa5 Kxh5 39.Rba2 Kg5 40.Rxa7 Rxa7 41.Rxa7 h5 42.Ke3 h4 43.Rg7+ Kf5
44.Rh7 h3 45.Ke2 Kg5 46.Kf1 e4 47.Rg7+ Kf6 48.Rg8 Kf7 49.Rh8 Kg7 50.Rh5 Kg6
51.Rh8 Kg5 52.Rg8+ Kf4 53.Rf8+ Ke5 54.Re8+ Kd4 55.Rd8+ Kc3 56.Rc8+ Kd3 57.Rd8+ Nd4
58.Rg8 Nf3  1/2-1/2

[Event "TCh-CHN Men"]
[Site "Suzhou, Jiangsu CHN"]
[Date "2001.03.28"]
[Round "3"]
[White "Sun Qinan"]
[Black "Lin Weiguo"]
[Result "0-1"]
[WhiteElo "2243"]
[BlackElo "2469"]

1.d4 Nf6 2.c4 g6 3.Nc3 d5 4.cxd5 Nxd5 5.e4 Nxc3 6.bxc3 Bg7 7.Nf3 c5 8.Bb5+ Bd7
9.Bxd7+ Qxd7 10.O-O O-O 11.Rb1 Rd8 12.Qb3 cxd4 13.cxd4 Nc6 14.d5 Na5 15.Qb4 b6
16.Bg5 Re8 17.Rbc1 h6 18.Bh4 e5 19.Ne1 Bf8 20.Qb2 Qg4 21.Nf3 Qxe4 22.Rfe1 Qxd5
23.Rcd1 Qb7 24.Nxe5 Bg7 25.f4 g5 26.Bg3 Nc4 27.Qd4 Nxe5 28.fxe5 Rac8 29.Qd7 Re7
30.Qf5 Rce8 31.h4 Qc8 32.Qf3 Qc5+ 33.Kh1 gxh4 34.Bxh4 Rxe5 35.Rf1 Qc4 36.Bf6 Re3
37.Qh5 Bxf6 38.Rxf6 Re1+ 39.Rxe1 Rxe1+ 40.Kh2 Qc7+ 41.g3 Qc2+  0-1

[Event "TCh-FRA"]
[Site "Mulhouse FRA"]
[Date "2001.03.30"]
[Round "5"]
[White "Benitah,Y"]
[Black "Bernard,Ja"]
[Result "1-0"]
[WhiteElo "2345"]
[BlackElo "2237"]

1.d4 Nf6 2.c4 g6 3.Nc3 d5 4.cxd5 Nxd5 5.e4 Nxc3 6.bxc3 Bg7 7.Be3 c5 8.Qd2 Qa5
9.Rb1 cxd4 10.cxd4 Qxd2+ 11.Kxd2 O-O 12.Bd3 Rd8 13.Nf3 e6 14.Rhc1 Nc6 15.Rc4 f5
16.Ke2 f4 17.Bxf4 Nxd4+ 18.Nxd4 Bxd4 19.Bg5 Rd6 20.Rbc1 Bd7 21.Be7 Rc6 22.Rxd4 Rxc1
23.Rxd7 b6 24.Bf6  1-0